Yog Yogi Yogini/ (Record no. 199516)
[ view plain ]
| 000 -LEADER | |
|---|---|
| fixed length control field | 00853nam a22002177a 4500 |
| 005 - DATE AND TIME OF LATEST TRANSACTION | |
| control field | 20231219145447.0 |
| 008 - FIXED-LENGTH DATA ELEMENTS--GENERAL INFORMATION | |
| fixed length control field | 110317t xxu||||| |||| 00| 0 eng d |
| 010 ## - LCCN (DPL NO) | |
| LC control number | B-756700-701 ENG-18.10.23 |
| 020 ## - INTERNATIONAL STANDARD BOOK NUMBER | |
| International Standard Book Number | 9789359090122 |
| Terms of availability | 1000.00 |
| 035 ## - SYSTEM CONTROL NUMBER | |
| System control number | B-756700-701 |
| 037 ## - SOURCE OF ACQUISITION | |
| Source of stock number/acquisition | Pansy Books |
| 082 ## - DEWEY DECIMAL CLASSIFICATION NUMBER | |
| Classification number | 230.35 |
| 100 1# - MAIN ENTRY--PERSONAL NAME | |
| 9 (RLIN) | 26630 |
| Personal name | Rawat, Anuja |
| 245 10 - TITLE STATEMENT | |
| Title | Yog Yogi Yogini/ |
| Statement of responsibility, etc | By - Anuja Rawar and Asim Kulshrestha |
| 260 ## - PUBLICATION, DISTRIBUTION, ETC. (IMPRINT) | |
| Place of publication, distribution, etc | New Delhi |
| Name of publisher, distributor, etc | Satyam Publication |
| Date of publication, distribution, etc | 2023 |
| 270 ## - ADDRESS | |
| Address | N-3/25, Mohan Garden, Uttam Nagar, |
| City | New Delhi |
| Postal code | 110059 |
| 300 ## - PHYSICAL DESCRIPTION | |
| Extent | ix 356p. |
| Dimensions | 24cm (HB) |
| 700 ## - ADDED ENTRY--PERSONAL NAME | |
| Personal name | Kulshrestha, Asim |
| 9 (RLIN) | 59612 |
| 942 ## - ADDED ENTRY ELEMENTS (KOHA) | |
| Source of classification or shelving scheme | Dewey Decimal Classification |
| Item type | English Books |
| Call number suffix | RAW |
| Classification part | 230.35 |
| Withdrawn status | Lost status | Source of classification or shelving scheme | Damaged status | Not for loan | Collection code | Home library | Current library | Date acquired | Source of acquisition | Cost, normal purchase price | Total Checkouts | Total Renewals | Full call number | Barcode | Date last seen | Copy number | Cost, replacement price | Koha item type |
|---|---|---|---|---|---|---|---|---|---|---|---|---|---|---|---|---|---|---|
| Dewey Decimal Classification | Non-fiction | Ashok Vihar | Ashok Vihar | 19/12/2023 | Pansy Books/187/5.12.23/44/23.11.23/6.12.23 | 1000.00 | RAW 230.35 | B-756701 | 19/12/2023 | 2 | 1000.00 | English Books | ||||||
| Dewey Decimal Classification | Non-fiction | Central Library | Central Library | 19/12/2023 | Pansy Books/187/5.12.23/44/23.11.23/6.12.23 | 1000.00 | 3 | 3 | RAW 230.35 | B-756700 | 24/06/2025 | 1 | 1000.00 | English Books |
